Hamlet and the philosophy of literary criticism.

Bibliographic Details
Main Author: Weitz, Morris
Format: Book
Language:English
Published: Chicago : University of Chicago Press, [1964]
Subjects:

MARC

Tag First Indicator Second Indicator Subfields
LEADER 00000cam a2200000 4500
001 in00000021727
005 20151007063717.0
008 711221s1964 ilu b 00000 eng u
010 |a  64022245  
035 |a (OCoLC)00185567 
035 |9 AAD8060AM 
040 |c AKR  |d TXA  |d UtOrBLW 
049 |a TXAM  |c [451843] 
050 0 |a PR2807  |b .W38 
092 |a 822.33  |b EW436 
100 1 |a Weitz, Morris. 
245 1 0 |a Hamlet and the philosophy of literary criticism. 
264 1 |a Chicago :  |b University of Chicago Press,  |c [1964] 
300 |a xvi, 335 pages ;  |c 25 cm. 
336 |a text  |b txt  |2 rdacontent 
337 |a unmediated  |b n  |2 rdamedia 
338 |a volume  |b nc  |2 rdacarrier 
504 |a Bibliography: pages 320-327. 
600 1 0 |a Shakespeare, William,  |d 1564-1616.  |t Hamlet. 
600 1 0 |a Shakespeare, William,  |d 1564-1616  |x Criticism and interpretation  |x History. 
999 |a MARS 
999 f f |s f46f474f-5189-3597-99fe-737b38cfd514  |i fd9c890b-d9d2-30ef-9ada-7f6b327da00b  |t 0 
952 f f |p normal  |a Texas A&M University  |b College Station  |c Sterling C. Evans Library  |d Evans: Library Stacks  |t 0  |e PR2807 .W38  |h Library of Congress classification  |i unmediated -- volume  |m A14801307795 
998 f f |a PR2807 .W38  |t 0  |l Evans: Library Stacks